01699nam a2200313 u 450000100100000000500170001000800410002704000250006808200250009310000430011824500730016126000350023430000270026950000210029650000630031750400730038059000260045365100650047965100650054465100420060965100280065191000300067995201370070995201370084695201370098395201220112095201280124299900150137000000266820200929150231.0090703s1998 dr a 001 0 spa d aDO-SdBNPbspacBNPHU a327.729307294bB623p1 aBissainthe, Jean Ghasmannd1961-9261210aPerfil de dos naciones en La Española /cJean Ghasmann Bissainthe. aSanto Domingo :b[s.n],c1998. a88 p. :bil. ;c22 cm. aIncluye índice aIncluye datos biográficos del autor en la contracubierta aIncluye referencias bibliográficas y notas al pie de las páginas aInventariado, 2018/BT 4aRepública DominicanaxRelaciones ExterioreszHaití92233 4aHaitíxRelaciones ExterioreszRepública Dominicana92234 4aRepública DominicanaxHistoria9170 4aHaitíxHistoria98418 aJornada de catalogación 001054708DSaGRbGRcHDd2009-07-03iLF1l0o327.729307294 B623pp2668-30r2020-06-25te. 3w2020-06-25yLFDSZPréstamo en sala 001054708DSaGRbGRcHDd2009-07-03iLF1l0o327.729307294 B623pp2668-40r2020-06-25te. 4w2020-06-25yLFDSZPréstamo en sala 001054708DSaGRbGRcHDd2009-07-22iLF1l0o327.729307294 B623pp2668-60r2020-06-25te. 5w2020-06-25yLFDSZPréstamo en sala 0010718PDaPDbPDcHDd2009-07-03iLF1l0o327.729307294 B623pp2668-10r2020-06-25w2020-06-25yLFPDZNo se presta 0010718PDaPDbPDcHDd2009-07-03iLF1l0o327.729307294 B623pp2668-20r2020-06-25te. 2w2020-06-25yLFPDZNo se presta c2504d2504